British parliamentary parties, 1742-1832 : from the fall of Walpole to the first Reform Act /

Bibliographic Details
Main Author: Hill, Brian W.
Format: Book
Language:English
Published: London ; Boston : Allen & Unwin, 1985.
Subjects:

MARC

Tag First Indicator Second Indicator Subfields
LEADER 00000pam a2200000 a 4500
001 in00000402321
005 20151011130729.0
008 841018s1985 enk b 00110 eng
010 |a  84024271  
020 |a 0049421875 (alk. paper) 
020 |a 0049421883 (pbk. : alk. paper) 
035 |a (OCoLC)11346360 
035 |9 ABS8408AM 
039 0 |a 2  |b 3  |c 3  |d 3  |e 3 
040 |a DLC  |c DLC  |d TXA  |d UtOrBLW 
043 |a e-uk--- 
049 |a TXAM  |c [A08277925] 
050 0 0 |a JN1119  |b .H535 1985 
082 0 |a 324.241/02  |2 19 
100 1 |a Hill, Brian W. 
245 1 0 |a British parliamentary parties, 1742-1832 :  |b from the fall of Walpole to the first Reform Act /  |c B.W. Hill. 
264 1 |a London ;  |a Boston :  |b Allen & Unwin,  |c 1985. 
300 |a x, 272 pages ;  |c 22 cm. 
336 |a text  |b txt  |2 rdacontent 
337 |a unmediated  |b n  |2 rdamedia 
338 |a volume  |b nc  |2 rdacarrier 
500 |a Includes index. 
504 |a Bibliography: pages [255]-260. 
650 0 |a Political parties  |z Great Britain  |x History. 
651 0 |a Great Britain  |x Politics and government  |y 18th century. 
651 0 |a Great Britain  |x Politics and government  |y 19th century. 
999 |a MARS 
999 f f |s 9546c822-902e-3f81-8fc0-40c47af0a073  |i 2b16b0bd-875f-3622-8a6c-15e929d54620  |t 0 
952 f f |p ric  |a Texas A&M University  |b Rellis Campus  |c Joint Library Facility  |d Remote Storage  |t 0  |e JN1119 .H535 1985  |h Library of Congress classification  |i unmediated -- volume  |m A14808277925 
998 f f |a JN1119 .H535 1985  |t 0  |l Remote Storage